Hội nhập quốc tế về khoa học và công nghệ của Ma-lai-xi-a /
Zapisane w:
| 1. autor: | |
|---|---|
| Format: | Artykuł |
| Język: | Vietnamese |
| Hasła przedmiotowe: | |
| Etykiety: |
Dodaj etykietę
Nie ma etykietki, Dołącz pierwszą etykiete!
|
| Thư viện lưu trữ: | Thư viện Trường Đại học Đà Lạt |
|---|
| LEADER | 00801nam a2200265 4500 | ||
|---|---|---|---|
| 001 | DLU170179366 | ||
| 005 | ##20170323 | ||
| 040 | # | # | |a DLU |b vie |
| 041 | # | # | |a vie |
| 044 | # | # | |a vn |
| 100 | # | # | |a Phạm Quang Trí. |
| 245 | # | # | |a Hội nhập quốc tế về khoa học và công nghệ của Ma-lai-xi-a / |c Phạm Quang Trí. |
| 653 | # | # | |a Công nghệ thông tin |
| 653 | # | # | |a Hội nhập quốc tế |
| 653 | # | # | |a Khoa học |
| 653 | # | # | |a Ma-lai-xi-a |
| 773 | # | # | |t Nghiên cứu quốc tế |g Số 4(103), 2015, tr. 167-190 |
| 920 | # | # | |a Phòng Tạp chí -- Trung tâm Thông tin - Thư viện Trường Đại học Đà Lạt |
| 900 | # | # | |a True |
| 911 | # | # | |a Nguyễn Thị Thu Phương |
| 925 | # | # | |a G |
| 926 | # | # | |a A |
| 927 | # | # | |a BB |
| 980 | # | # | |a Thư viện Trường Đại học Đà Lạt |